Confronting homophobia in Europe : social and legal perspectives /

Gespeichert in:
Bibliographische Detailangaben
Weitere Verfasser: Gasparini, Alessandro (Herausgegeben von), Trappolin, Luca (Herausgegeben von), Wintemute, Robert (Herausgegeben von)
Format: Buch
Sprache:Englisch
Veröffentlicht: Oxford [etc.] : Hart publishing, 2012
Tags: Tag hinzufügen
Keine Tags, Fügen Sie das erste Tag hinzu!

MARC

LEADER 00000nam a22000007i 4500
001 IT\ICCU\PUV\1333890
003 ItRI
005 20260115232016.0
008 120328s2012 xxk|||||| ||||| |||||c
020 |a 9781849462754 
040 |b ita  |c importazione bologna sebina 
041 7 |a eng  |2 ISO-639-2 
130 0 |a Confronting homophobia in Europe  |3 IT\ICCU\UBO\4517261 
245 0 0 |a Confronting homophobia in Europe :  |b social and legal perspectives /  |c edited by Luca Trappolin, Alessandro Gasparini and Robert Wintemute. 
260 |a Oxford [etc.] :  |b Hart publishing,  |c 2012 
300 |a XXVI, 291 p. ;  |c 23 cm 
700 1 |a Gasparini, Alessandro  |0 IT\ICCU\PUVV\417123  |4 edt 
700 1 |a Trappolin, Luca  |0 IT\ICCU\PUVV\347567  |4 edt 
700 1 |a Wintemute, Robert  |0 IT\ICCU\UBOV\100853  |4 edt 
942 |2 ddc  |c BK  |n 0 
952 |0 0  |1 0  |4 0  |6 DOC_323_326000000000000_TRA  |7 0  |9 18826  |a BO  |b BO  |d 2026-01-15  |i 16369  |l 0  |o DOC 323.326 TRA  |p BO16369  |r 2026-01-15 23:20:16  |w 2026-01-15  |x [Sebina 5] [1 v.]  |y BK  |z 1 v. 
952 |0 0  |1 0  |4 0  |6 DOC_323_326000000000000_TRA  |7 0  |9 18827  |a BO  |b BO  |d 2026-01-15  |i 18911  |l 0  |o DOC 323.326 TRA  |p BO18911  |r 2026-01-15 23:20:16  |w 2026-01-15  |x [Sebina 5] [1 v.]  |y BK  |z 1 v. (2. copia) 
999 |c 15987  |d 15987